000 00626nam a22001817a 4500
003 OSt
005 20251023091839.0
008 251023b |||||||| |||| 00| 0 eng d
020 _a978-1-4051-5481-9
040 _aDWC-Main Lib.
_cOC
100 _aSAVILLE, BRYAN K.
245 _aA guide to teaching research methods in psychology/
_cBRYAN K. SAVILLE
260 _aUSA :
_bBlackwell Publishing,
_cc2008.
300 _axvi, 222 pages ;
_c23 cm. -- (Teaching psychological series)
504 _aIndex: pp. 211-222
650 _a1. Psychology--Research--Methodology--Study and teaching.
942 _2ddc
_cBK-CIRC
_hCirc.
_n0
999 _c5078
_d5078